| 000 | 00791nam a2200217Ia 4500 | ||
|---|---|---|---|
| 005 | 20241129111248.0 | ||
| 008 | 241129s9999||||xx |||||||||||||| ||und|| | ||
| 020 | _a978-93-83437-67-2 | ||
| 037 | _aTB | ||
| 040 |
_aCRL _bpun _cCRL |
||
| 041 |
_apun _2pun |
||
| 084 |
_aY49(J):3.243 153Q7 _qCRL |
||
| 100 | _aਅਨੁਪਮਾ, ਚ। | ||
| 245 | 0 |
_aਪੰਜਾਬ ਦੇ ਖੇਤ ਮਜ਼ਦੂਰਾਂ ਸਿਰ ਕਰਜ਼ੇ ਅਤੇ ਗ਼ਰੀਬੀ ਦਾ ਅਧਿਐਨ _cਅਨੁਪਮਾ, ਚ। |
|
| 260 |
_aਚੰਡੀਗੜ੍ਹ, ਭਾਰਤ _bਚੰਡੀਗੜ੍ਹ ਯੂਨੀਸਟਾਰ _c2017 |
||
| 300 | _a240ਪ੍ਰ0 | ||
| 365 |
_aINR _b395 |
||
| 650 | _aSociology | ||
| 942 |
_cTB _hY49(J):3.243 153Q7 |
||
| 999 |
_c1229637 _d1229637 |
||